000 00550nam a2200181 a 4500
001 7230
003 CO-ViMGA
008 141112s2004 ck r 000 u spa d
040 _aCO-ViMGA
_bspa
_cCO-ViMGA
082 0 4 _a350.711 D419
100 1 _aDíaz Granados Ortiz, Juan Manuel
_96382
245 1 0 _aLos seguros en el nuevo regimen de contratación administrativa
260 _aSantafé de Bogotá :
_bColombo Editores,
_c1995
300 _a136 p
490 _aEnsayos jurídicos, 1
650 1 4 _aCONTRATACION ADMINISTRATIVA
_96383
942 _2ddc
_cBK
999 _c19189
_d19189